| 000 | 00890nam a2200277 a 4500 | ||
|---|---|---|---|
| 001 | 000004124 | ||
| 003 | DO-SdBNP | ||
| 005 | 20240302073952.0 | ||
| 007 | ta | ||
| 008 | 090717s1986 dr 001 0 spa d | ||
| 020 | _a999341039X | ||
| 040 |
_aDO-SdBNP _bspa _cBNPHU |
||
| 082 |
_a923.2 _bS718r _222 |
||
| 100 | 1 |
_aCassá, Roberto, _d1948- _910888 |
|
| 245 | 1 | 0 |
_aLa reconquista de Juan Sánchez Ramírez / _cJosé Miguel Soto Jiménez |
| 260 |
_aSanto Domingo : _bEdita Libros, _c1986. |
||
| 300 |
_a196 p. ; _c22 cm. |
||
| 590 | _aInventariado, 2023 / DG | ||
| 600 | 1 | 2 |
_aSÁNCHEZ RAMÍREZ, JUAN, _d1762-1811 _912236 |
| 650 | 4 |
_aRepública Dominicana _xHistoria _912091 _yReconquista*1808-1809 |
|
| 650 | 4 |
_aSánchez Ramírez, Juan*1762-1808 _983036 |
|
| 700 | 1 | 2 |
_aManzano, Ramiro, _eil. _9768 |
| 830 | 0 |
_aBiografías dominicanas Tobogán _9769 |
|
| 910 | _aDG | ||
| 942 |
_2ddc _cLBS1 |
||
| 999 |
_c53109 _d53109 |
||